Starosta Borároš: Trasu musíme doladiť

Bibliographic Details
Main Author: Boráros, Jozef (Author)
Format: Article
Language:Slovak
ISSN:1335-4050
Subjects:

MARC

LEADER 00000nab a2200000 a 4500
001 vtls011615495
003 SK-MaSNL
005 20260303082628.0
008 170303|20170303xo dr | 000 0|slo
015 |a SNBRB2017/03 
038 |a DSZK 
040 |a DSZK  |b slo  |c DSZK  |e AACR2 
041 0 |a slo 
044 |a xo  |c SK 
080 |a 656.132  |x (437.6)  |2 2011 
245 0 0 |a Starosta Borároš: Trasu musíme doladiť  |c [autori] (KOV), Jozef Boráros 
650 0 7 |a školské autobusy  |2 dszk  |9 1087849 
651 7 |a Dobrohošť (Slovensko)  |2 dszk  |9 85884 
700 1 |a Boráros, Jozef  |4 ive  |4 aut  |9 42985 
773 0 |t Pravda  |g Roč. XXVI, č. 52 (3.3.2017), s. 4  |x 1335-4050 
852 |a DSZK  |b KIS3GCP 
958 |a SK 
999 |c 1788621  |d 1790551